Bring Me The Horizon - amo - Statistiques

Statistiques générales
  • Ce quiz a été pris 13 fois
  • Le résultat moyen est 10 sur 13
Statistiques - réponses
Titre % Correct
heavy metal
100%
in the dark
89%
nihilist blues
89%
sugar honey ice & tea
89%
wonderful life
89%
MANTRA
78%
medicine
78%
mother tongue
78%
why you gotta kick me when i'm down?
78%
ouch
67%
i apologise if you feel something
56%
i don't know what to say
56%
fresh bruises
22%
Aucun quiz correspondant
Distribution des résultats
% des personnes avec chaque résultat
Percentile par nombre de réponses
Votre historique - résultats
Vous n’avez pas pris ce quiz